TEXTBOOK OF ORAL MAXILLOFACIAL SURGERY (Record no. 3674)

MARC details
000 -LEADER
fixed length control field 00358nam a2200145Ia 4500
008 - FIXED-LENGTH DATA ELEMENTS--GENERAL INFORMATION
fixed length control field 150201s2007 xx 000 0 und d
082 ## - DEWEY DECIMAL CLASSIFICATION NUMBER
Classification number 617.525
Item number O2007B
100 ## - MAIN ENTRY--PERSONAL NAME
Personal name BALAJI S.M.
245 ## - TITLE STATEMENT
Title TEXTBOOK OF ORAL MAXILLOFACIAL SURGERY
250 ## - EDITION STATEMENT
Edition statement 1ST
260 ## - PUBLICATION, DISTRIBUTION, ETC. (IMPRINT)
Name of publisher, distributor, etc. ELSEVIER
Place of publication, distribution, etc. DELHI
Date of publication, distribution, etc. 2007
300 ## - PHYSICAL DESCRIPTION
Extent 1-695
650 ## - SUBJECT ADDED ENTRY--TOPICAL TERM
Topical term or geographic name as entry element ORAL SURGERY
942 ## - ADDED ENTRY ELEMENTS (KOHA)
Source of classification or shelving scheme Dewey Decimal Classification
Koha item type Books
Koha issues (borrowed), all copies 32
Holdings
Withdrawn status Lost status Source of classification or shelving scheme Damaged status Not for loan Home library Current library Date acquired Source of acquisition Cost, normal purchase price Serial Enumeration / chronology SGTU Bill Number Total Checkouts Full call number Barcode Date last seen Bill Date Koha item type Date last checked out
    Dewey Decimal Classification     SGT Dental Library SGT Dental Library 31/10/2007 U.B.S.DELHI 825.00 1 SGTU 709   617.525 O2007B FD4412 09/02/2015 23/08/2012 Books  
    Dewey Decimal Classification     SGT Dental Library SGT Dental Library 31/10/2007 U.B.S.DELHI 825.00 1 SGTU 709 6 617.525 O2007B FD4413 15/01/2024 23/08/2012 Books 13/01/2024
    Dewey Decimal Classification     SGT Dental Library SGT Dental Library 31/10/2007 U.B.S.DELHI 825.00 1 SGTU 709 3 617.525 O2007B FD4414 20/06/2022 23/08/2012 Books 11/06/2022
    Dewey Decimal Classification     SGT Dental Library SGT Dental Library 31/10/2007 U.B.S.DELHI 825.00 1 SGTU 709 21 617.525 O2007B FD4415 15/06/2023 23/08/2012 Books 15/06/2023
    Dewey Decimal Classification     SGT Dental Library SGT Dental Library 31/10/2007 U.B.S.DELHI 825.00 1 SGTU 709 28 617.525 O2007B FD4416 13/06/2023 23/08/2012 Books 13/06/2023